The Brunei museums : (Record no. 26746)

MARC details
000 -LEADER
fixed length control field 01109cam a22003135a 4500
001 - CONTROL NUMBER
control field 14568712
005 - DATE AND TIME OF LATEST TRANSACTION
control field 20180517132425.0
008 - FIXED-LENGTH DATA ELEMENTS--GENERAL INFORMATION
fixed length control field 060926s2005 bx ab grb f010 0 eng d
010 ## - LIBRARY OF CONGRESS CONTROL NUMBER
LC control number 2006420051
020 ## - INTERNATIONAL STANDARD BOOK NUMBER
International Standard Book Number 9991730214
040 ## - CATALOGING SOURCE
Original cataloging agency DLC
Language of cataloging eng
Transcribing agency DLC
Modifying agency DLC
-- EG-ScBUE
043 ## - GEOGRAPHIC AREA CODE
Geographic area code a-bx---
082 04 - DEWEY DECIMAL CLASSIFICATION NUMBER
Classification number 069.095955
Item number BRU
Edition number 22
245 04 - TITLE STATEMENT
Title The Brunei museums :
Remainder of title 40th anniversary of the Brunei Museums Department, 1965-2005.
250 ## - EDITION STATEMENT
Edition statement 1st ed.
260 ## - PUBLICATION, DISTRIBUTION, ETC. (IMPRINT)
Place of publication, distribution, etc [Bandar Seri Begawan] :
Name of publisher, distributor, etc Brunei Museums Dept.,
Date of publication, distribution, etc 2005.
300 ## - PHYSICAL DESCRIPTION
Extent 115, [12] p. :
Other physical details ill. (some col.), col. map ;
Dimensions 27 cm.
500 ## - GENERAL NOTE
General note Sponsored by Brunei Shell Petroleum Company, HSBC, and Digital Impressions.
504 ## - BIBLIOGRAPHY, ETC. NOTE
Bibliography, etc Includes bibliographical references (p. [127]).
541 ## - IMMEDIATE SOURCE OF ACQUISITION NOTE
Source of acquisition Ambassador Ali Al-Hafni ;
650 #7 - SUBJECT ADDED ENTRY--TOPICAL TERM
Topical term or geographic name as entry element Museums
Geographic subdivision Brunei.
Source of heading or term BUEsh
651 ## - SUBJECT ADDED ENTRY--GEOGRAPHIC NAME
Source of heading or term BUEsh
653 ## - INDEX TERM--UNCONTROLLED
Resource For college Generalities
Arrived date list May2018
710 1# - ADDED ENTRY--CORPORATE NAME
Corporate name or jurisdiction name as entry element Brunei.
Subordinate unit Jabatan Muzium-Muzium.
710 2# - ADDED ENTRY--CORPORATE NAME
Corporate name or jurisdiction name as entry element Brunei Shell Petroleum Company.
710 2# - ADDED ENTRY--CORPORATE NAME
Corporate name or jurisdiction name as entry element Hongkong and Shanghai Banking Corporation.
710 2# - ADDED ENTRY--CORPORATE NAME
Corporate name or jurisdiction name as entry element Digital Impressions (Firm)
942 ## - ADDED ENTRY ELEMENTS (KOHA)
Source of classification or shelving scheme Dewey Decimal Classification
Holdings
Withdrawn status Item status Source of classification or shelving scheme Damaged status Not for loan Vendor Home library Current library Shelving location Date acquired Source of acquisition Total Checkouts Full call number Barcode Date last seen Koha item type
    Dewey Decimal Classification     Donation-Gift Central Library Central Library Ground Floor 17/05/2018 Donation   069.095955 BRU 000043415 15/07/2025 Book - Borrowing